000
00275nam a22001217a 4500
003
OSt
008
240807b |||||||| |||| 00| 0 eng d
100
_a
Singh Jitendra Kumar
245
_a
Mota anaz sehat ka khazana
260
_a
pusa
_c
2020
300
_a
176
942
_2
ddc
_c
DB
999
_c
43642
_d
43642